ნორმალური ფორმატი
MARC ფორმატი
ჩანაწერი Personal Name
ჩანაწერთა რაოდენობა, რომელიც გამოყენებულია: 1
001 - CONTROL NUMBER
- control field: 13973
003 - CONTROL NUMBER IDENTIFIER
- control field: GE_BSU
005 - DATE AND TIME OF LATEST TRANSACTION
- control field: 20220603124410.0
008 - FIXED-LENGTH DATA ELEMENTS
- fixed length control field: 220603|| aca||aabn | a|a d
040 ## - CATALOGING SOURCE
- Original cataloging agency: GE_BSU
- Transcribing agency: GE_BSU
100 ## - HEADING--PERSONAL NAME
- Personal name: მარგველაშვილი, გივი.
670 ## - SOURCE DATA FOUND
- Source citation: Work cat.: (GE_BSU)55182: მარგველაშვილი, გივი., ფინალობის პრობლემა ნიკოლაი ჰარტმანისა და მარტინ ჰაიდეგერის ონტოლოგიებში /
